Văn bản hướng dẫn thực hiện giao dịch dân sự về nhà ở được xác lập trước ngày 01-07-1991.

Các văn bản: Nghị quyết số 58/1998/NQ-UBTVQH10; Thông tư liên tịch số 01/1999/TTLT-TANDTC-VKSNDTC; Nghị định số 25/1999/NĐ-CP; Thông tư số 02/1999/TT-BXD.

Tallennettuna:
Bibliografiset tiedot
Aineistotyyppi: Kirja
Kieli:Vietnamese
Julkaistu: Hà Nội : Xây dựng, 1999.
Aiheet:
Tagit: Lisää tagi
Ei tageja, Lisää ensimmäinen tagi!
Thư viện lưu trữ: Mạng thư viện Đại học Đà Nẵng
LEADER 01109cam a2200349 i 4500
001 000042284
003 158
005 20041028144437.0
008 010217b1999 vm 000 vie
020 |c 12000 
040 |a IRC  |c IRC  |d IRC 
041 0 |a vie 
082 1 4 |a 346.043  |b Vă-B 
245 0 0 |a Văn bản hướng dẫn thực hiện giao dịch dân sự về nhà ở được xác lập trước ngày 01-07-1991. 
260 |a Hà Nội :  |b Xây dựng,  |c 1999. 
300 |a 78 tr. ;  |c 21cm. 
520 3 |a Các văn bản: Nghị quyết số 58/1998/NQ-UBTVQH10; Thông tư liên tịch số 01/1999/TTLT-TANDTC-VKSNDTC; Nghị định số 25/1999/NĐ-CP; Thông tư số 02/1999/TT-BXD. 
630 0 4 |a Pháp luật. 
630 0 4 |a Luật dân sự. 
630 0 4 |a Văn bản. 
630 0 4 |a Luật nhà ở. 
650 0 4 |a Luật dân sự  |z Việt Nam. 
OWN |a DUT 
999 |a From the UDN01 
TYP |a Monograph 
TYP |a Printed language 
980 |a Mạng thư viện Đại học Đà Nẵng